000 01189nam a2200229Ia 4500
003 Ost
005 20260507074933.0
008 260507s9999||||xx |||||||||||||| ||und||
020 _a9957162691
040 _cfsecg
041 _aara
082 _a352.8
100 _aحبيب، مصطفى سلمان
_eمؤلف
245 0 _aالاستثمار في الترخيص الامتيازي (الفرانشايز) /
_c مصطفى سلمان حبيب
260 _aعمان:
_bدار الثقافة للنشر,
_c2008
300 _a192 صفحة؛
_c25 سم
504 _aبيبليوغرافيا ص.192
520 _aالصفقات الامتيازية -أنواع الرخص الامتيازية -حسنات ومساوئ الترخيص الامتيازي -بنود اتفاقية الترخيص الامتيازي -الاعتبارات القانونية لأشكال الترخيص -العمال والموظفون في الوحدة الامتيازية -الاستشارات المهنية والتقاعد -تمويل الترخيص الامتيازي -تقييم الترخيص الامتيازي
653 _aالاستثمار
653 _aالتراخيص
942 _cكتاب
999 _c41863
_d41863